Normal view
MARC view
Entry Personal Name
001 - CONTROL NUMBER
- control field: 15968
003 - CONTROL NUMBER IDENTIFIER
- control field: BD-RjUL
005 - DATE AND TIME OF LATEST TRANSACTION
- control field: 20250710104203.0
008 - FIXED-LENGTH DATA ELEMENTS
- fixed length control field: 250710|| aca||aabn | a|a d
040 ## - CATALOGING SOURCE
- Original cataloging agency: BD-RjUL
- Transcribing agency: BD-RjUL
100 ## - HEADING--PERSONAL NAME
- Personal name: ضياء الدين ;; zia ud din
670 ## - SOURCE DATA FOUND
- Source citation: Work cat.: (BD-RjUL)85165: عثمان, محمد ;; Osman, Mohammad 15967, جديد مدلل علم هندسه /jadid mudalal ilm handasah, [1945]